Estadística para administración y economía (Registro nro. 72)
[ vista simple ]
| 000 -LEADER | |
|---|---|
| fixed length control field | 01610 a2200277 4500 |
| 001 - CONTROL NUMBER | |
| control field | 96 |
| 005 - DATE AND TIME OF LATEST TRANSACTION | |
| control field | 20260407155410.0 |
| 008 - FIXED-LENGTH DATA ELEMENTS--GENERAL INFORMATION | |
| fixed length control field | 260407a2001 arg spa d |
| 003 - CONTROL NUMBER IDENTIFIER | |
| control field | AR-UNSa-BCEJYS |
| 040 ## - CATALOGING SOURCE | |
| Original cataloging agency | AR-UNSa-BCEJYS |
| Language of cataloging | spa |
| Transcribing agency | AR-UNSa-BCEJYS |
| 080 ## - UNIVERSAL DECIMAL CLASSIFICATION NUMBER | |
| Universal Decimal Classification number | 519.2 |
| Common auxiliary subdivision | Probabilidades y estadística matemática<br/> |
| 020 ## - INTERNATIONAL STANDARD BOOK NUMBER | |
| International Standard Book Number | 978-970-10-3361-6 |
| 100 1# - MAIN ENTRY--PERSONAL NAME | |
| Personal name | Lind, Douglas A. |
| 245 10 - TITLE STATEMENT | |
| Title | Estadística para administración y economía |
| 250 ## - EDITION STATEMENT | |
| Edition statement | 3a. ed |
| 264 #1 - PRODUCTION, PUBLICATION, DISTRIBUTION, MANUFACTURE, AND COPYRIGHT NOTICE | |
| Place of production, publication, distribution, manufacture | México : |
| Name of producer, publisher, distributor, manufacturer | McGraw-Hill |
| Date of production, publication, distribution, manufacture, or copyright notice | 2001 |
| 300 ## - PHYSICAL DESCRIPTION | |
| Extent | xix, 575 p. |
| Dimensions | 25 cm |
| 505 ## - FORMATTED CONTENTS NOTE | |
| Formatted contents note | 1. ¿Qué es la estadística? - 2. Descripción de datos: Distribuciones de frecuencia y presentación gráfica - 3. Descripción de datos: Medidas de posición y de dispersión - 4. Una revisión de los conceptos de probabilidad - 5. Ditribuciones de probabilidad discreta - 6. La distribución de probabilidad normal - 7. Métodos y distribuciones de muestreo - 8. Pruebas de hipótesis: Muestras grandes - 9. Pruebas de hipótesis: Muestras pequeñas - 10. Análisis de varianza - 11. Regresión y correlación lineales - 12. Análisis de regresión y de correlación múltiple - 13. Métodos no paramétricos: Aplicaciones de ji cuadrada - 14. Control estadístico de la calidad<br/> |
| 590 ## - LOCAL NOTE (RLIN) | |
| Local note | niveau_biblio:m niveau_hierar:0 |
| 700 1# - ADDED ENTRY--PERSONAL NAME | |
| Personal name | Mason, Robert D. |
| 700 1# - ADDED ENTRY--PERSONAL NAME | |
| Personal name | Hano Roa, María del Carmen Enriqueta |
| 700 1# - ADDED ENTRY--PERSONAL NAME | |
| Personal name | Marchal, William G. |
| 700 1# - ADDED ENTRY--PERSONAL NAME | |
| Personal name | Jolly Vallejo, Juan Carlos |
| 856 41 - ELECTRONIC LOCATION AND ACCESS | |
| Uniform Resource Identifier | <a href="https://biblioeco.unsa.edu.ar/pmb/images/libros/Estadistica para administracion de economia2-l116701.jpg">https://biblioeco.unsa.edu.ar/pmb/images/libros/Estadistica para administracion de economia2-l116701.jpg</a> |
| Link text | Imagen de portada |
| Electronic format type | image/jpeg |
| 942 ## - ADDED ENTRY ELEMENTS (KOHA) | |
| Koha item type | |
| Withdrawn status | Lost status | Damaged status | Not for loan | Home library | Current library | Shelving location | Date acquired | Total checkouts | Full call number | Barcode | Date last seen | Price effective from | Koha item type |
|---|---|---|---|---|---|---|---|---|---|---|---|---|---|
| Biblioteca Prof. Eusebio Cleto del Rey | Biblioteca Prof. Eusebio Cleto del Rey | 07/04/2026 | 519.2 L742 3ed. | L116701 | 07/04/2026 | 07/04/2026 | Libro |